LEADER 01182nam--2200397---450- 001 990002749440203316 005 20060607170006.0 010 $a0-521-49915-1 035 $a000274944 035 $aUSA01000274944 035 $a(ALEPH)000274944USA01 035 $a000274944 100 $a20060607d1997----km-y0itay50------ba 101 $aeng 102 $aGB 105 $a||||||||001yy 200 1 $aSyntax$estructure, meaning and function$fRobert D. van Valin, jr.$gRandy J. Lapolla 210 $aCambridge [etc.]$cCambridge University Press$d1997 215 $aXXVIII, 713 p.$d24 cm 225 2 $aCambridge textbooks in linguistic 410 0$1Cambridge textbooks in linguistics 2001 454 1$12001 461 1$1001-------$12001 606 0 $aSintassi 700 1$aVALIN,$bRobert D.$cvan$0593369 701 1$aLAPOLLA,$bRandy J.$0165462 801 0$aIT$bsalbc$gISBD 912 $a990002749440203316 951 $aI.8.D.1$b7729 DSLL 959 $aBK 969 $aDSLL 979 $aDSLL1$b10$c20060607$lUSA01$h1652 979 $aDSLL1$b10$c20060607$lUSA01$h1700 979 $aCHIARA$b90$c20160205$lUSA01$h1157 996 $aSyntax$9999612 997 $aUNISA LEADER 01551nam0 22002893i 450 001 VAN00280779 005 20240906103103.774 010 $a978-88-916674-4-1 100 $a20240906d2024 |0itac50 ba 101 $aita 102 $aIT 105 $a|||| ||||| 200 1 $aˆIl ‰nuovo processo del lavoro dopo la riforma Cartabia$equestioni organizzative e applicazioni pratiche$eimpugnazione del licenziamento, licenziamento discriminatorio, trattazione e decisione, udienza da remota, negoziazione assistita e giustizia alternativa, redazione degli atti processuali$fManuela Rinaldi 210 $aSantarcangelo di Romagna$d2024 215 $a208 p.$d24 cm 410 1$1001VAN00113184$12001 $aˆL'‰attualità del diritto$1210 $aSantarcangelo di Romagna$cMaggioli$v416 620 $dSantarcangelo di Romagna$3VANL000123 700 1$aRinaldi$bManuela$3VANV062794$0474713 712 $aMaggioli $3VANV108045$4650 801 $aIT$bSOL$c20250516$gRICA 899 $aBIBLIOTECA DEL DIPARTIMENTO DI ECONOMIA$1IT-CE0106$2VAN03 899 $aBIBLIOTECA DEL DIPARTIMENTO DI GIURISPRUDENZA$1IT-CE0105$2VAN00 912 $aVAN00280779 950 $aBIBLIOTECA DEL DIPARTIMENTO DI GIURISPRUDENZA$d00CONS IX.Eaa.87 $e00UBG10193 20240906 950 $aBIBLIOTECA DEL DIPARTIMENTO DI ECONOMIA$d03PREST IVBf28 $e03BDE3234 20250311 996 $aNuovo processo del lavoro dopo la riforma Cartabia$94325577 997 $aUNICAMPANIA